=LDR 00000nam 2200000 4500 =001 INLIS000000000025882 =005 20130612124347 =008 ***********************************Ind** =035 ##$$0010-061300000025882 =041 ##$$a Ind =082 ##$$a 813.01 =090 ##$$a 813.01, Ali k =100 ##$$a Ali, Muhammad =245 ##$$a Kumpulan cerita pendek gerhana, Muhammad Ali =260 ##$$a 1996 $b Jakarta =300 ##$$a vi, 158 hlm, 19 cm =650 ##$$a Cerita pendek - kumpulan =850 ##$$a NBPNMAT =990 ##$$a 0001/BPAP-NTB/2015